Memoria de la Comisión Especial de Ensanche / por su presidente Rafael del Rio del Val
Descripción Física:
203 p. : il., [2] làm. pleg., [45] p. de làm., [3] map. pleg., col., 1 f. pleg. ; 24 cm
Otros Autores:
Rio del Val, Rafael del
MARC
| LEADER | 00000nam a2200000Ia 4500 | ||
|---|---|---|---|
| 001 | 11374 | ||
| 008 | 160829s1928 xx 000 0 cat d | ||
| 080 | |a B-1-317 | ||
| 110 | |a Barcelona (Catalunya). |b Comissió d'Eixample |9 53510 | ||
| 245 | |a Memoria de la Comisión Especial de Ensanche / por su presidente Rafael del Rio del Val | ||
| 260 | |a Barcelona : |b Ayuntamiento de Barcelona, |c 1928 | ||
| 300 | |a 203 p. : |b il., [2] làm. pleg., [45] p. de làm., [3] map. pleg., col., 1 f. pleg. ; |c 24 cm | ||
| 610 | 0 | |a Barcelona (Catalunya). |b Comissió d'Eixample |9 53510 | |
| 651 | 0 | |a Eixample (Barcelona, Catalunya) |9 53509 | |
| 700 | |a Rio del Val, Rafael del |9 30434 | ||
| 901 | |a Arxiu | ||
| 942 | |n 1 | ||
| 952 | |0 0 |1 0 |4 0 |6 B1317 |7 1 |9 45419 |a Arxiu |b Arxiu |d 2016-12-01 |l 0 |o B-1-317 |p 11374 |r 2016-12-01 00:00:00 |w 2016-12-01 |y ARXIU | ||
| 999 | |c 48526 |d 48526 | ||